| 000 | 00736nam a2200205Ia 4500 | ||
|---|---|---|---|
| 003 | GCL | ||
| 008 | 140319s9999 xx 000 0 ara d | ||
| 040 |
_aGCL / _cGCL |
||
| 082 | 0 | 4 |
_a923.2 _bس ت |
| 100 | 1 | _aسيد عويس | |
| 245 | 1 | 0 |
_aالتاريخ الذى احمله على ظهرى . الجزء الثانى : ماء الحياة / _cسيد عويس |
| 260 |
_aالقاهرة : _bدار الهلال للطباعة والنشر ، _c1986 |
||
| 300 |
_a349 ص ؛ _c16 سم |
||
| 490 |
_aكتاب الهلال _v0 |
||
| 650 | 0 | 4 | _aالادب العربى |
| 650 | 0 | 4 | _aادب الرحلات |
| 650 | 0 | 4 | _aسيد عويس - المذكرات |
| 650 | 0 | 4 | _aالسياسيون المصريون - تراجم |
| 942 |
_2ddc _cBK |
||
| 999 |
_c46724 _d46724 |
||